[Event "48th Italian Teams 2016"]
[Site "Civitanova Marche ITA"]
[Date "2016.05.01"]
[Round "7.4"]
[Board "3"]
[White "Basso, Pier Luigi"]
[Black "Sebastianelli, Diego"]
[Result "1-0"]
[WhiteTitle "FM"]
[BlackTitle "FM"]
[WhiteElo "2466"]
[BlackElo "2348"]
[WhiteTeam "Montebelluna Master"]
[BlackTeam "Fano1988"]
[WhiteFideId "866970"]
[BlackFideId "802735"]
[EventDate "2016.04.27"]

1. d4 Nf6 2. c4 e6 3. Nc3 Bb4 4. Qc2 c5 5. dxc5 Bxc5 6. Nf3 Qb6 7. e3 Qc7 8. g4
h6 9. Rg1 a6 10. h4 h5 11. gxh5 Nxh5 12. Bd2 b6 13. Ng5 Bf8 14. O-O-O Bb7 15.
Bd3 Nc6 16. Bg6 Ne5 17. Bxf7+ Nxf7 18. Qg6 d6 19. Nxe6 Qxc4 20. Rg4 Qc8 21. Ng5
Bd5 22. Rd4 Rh6 23. Qc2 Bb7 24. e4 Qc7 25. Nxf7 Qxf7 26. Bxh6 gxh6 27. e5 d5 28.
Nxd5 Rc8 29. Nc3 Be7 30. Qd2 Qxa2 31. Re1 Qb3 32. e6 Ba3 33. Re3 Bc5 34. Kb1 Nf6
35. Nd5 Qxd5 36. Rxd5 Bxd5 37. Re1 Bf8 38. Qd4 Be7 39. Qxb6 Ne4 40. Rd1 Rd8 41.
Rxd5 1-0

[Event "48th Italian Teams 2016"]
[Site "Civitanova Marche ITA"]
[Date "2016.05.01"]
[Round "7.4"]
[Board "4"]
[White "Pedini, Dario"]
[Black "Balzan, Alessandro"]
[Result "1-0"]
[WhiteElo "2246"]
[BlackElo "2051"]
[WhiteTeam "Fano1988"]
[BlackTeam "Montebelluna Master"]
[WhiteFideId "824623"]
[BlackFideId "895199"]
[EventDate "2016.04.27"]

1. e4 c6 2. d4 d5 3. Nc3 dxe4 4. Nxe4 Bf5 5. Ng3 Bg6 6. Bc4 e6 7. N1e2 Nd7 8.
O-O Ngf6 9. f4 Be7 10. f5 exf5 11. Nxf5 Bxf5 12. Rxf5 O-O 13. a4 c5 14. c3 Rc8
15. Bb3 c4 16. Bc2 Nb6 17. Ng3 g6 18. Rf2 Nbd5 19. Bh6 Re8 20. Qf3 Qd7 21. Ne4
Bd8 22. h3 b6 23. Raf1 Rc6 24. Ng3 Rce6 25. Re2 Bc7 26. Rxe6 Qxe6 27. Ne4 Nxe4
28. Bxe4 Ne7 29. d5 1-0